Toutes les cartes multijoueur de COD 4 : Modern Warfare - Statistiques

Statistiques générales
  • Ce quiz a été pris 7 fois
  • Le résultat moyen est 3 sur 8
Statistiques - réponses
Localisation Carte % Correct
Ukraine Shipment
80%
Irak Crash
60%
Ukraine Vacant
40%
Ukraine Bloc
20%
Arabie Saoudite Crossfire
20%
Russie Overgrown
20%
Afghanistan Strike
20%
Russie Downpour
0%
Aucun quiz correspondant
Distribution des résultats
% des personnes avec chaque résultat
Percentile par nombre de réponses
Votre historique - résultats
Vous n’avez pas pris ce quiz